01806nam a22003137a 4500003000400000005001700004008003600021020001800057040002500075082002500100100004600125245013200171260004000303300003900343500007700382500006200459505018600521590002700707590006200734600007100796651008400867700004300951910003700994942001401031952014001045952014501185952014501330999001701475OSt20250122110933.0210325b 2020 dr ac 00| 0 eng d a9789945880243 cBNPHUbspaaDO-SdBNP 4222a320.97293bB622m aBisonó Haza, Víctor O.,d1963-95585210aIto Bisonó- mis escritos : breflexiones de un político /cVíctor Orlando Bisonó Haza. ; edición, José Rafael Mata. aSanto Domingo : bSerigraf, c2020. a195 p. : bil., retrs. ; c23 cm.  aIncluye datos biográficos del autor en la solapa de la contracubierta. aLa biblioteca posee 1 ejemplar autografiado por el autor. gCapítulo 1tAnhelos ciudadanos --gCapítulo 2tDefensa territorial --gCapítulo 3tEjemplos a seguir --gCapítulo 4tMirada interior --gCapítulo 5tVisión de futuro -- aInventariado, 2021 /LP aLa biblioteca posee 1 ejemplar autografiado por el autor. 0aBisonó Haza, Víctor O.,d1963-xPensamiento político 955852 4aRepública DominicanaxPolítica y gobiernovEnsayos, conferencias etc.92051 aMata, José Rafael,eedición978284 aValidado. Control de calidad MFF 2ddccLBS1 00102ddc51718MOaBNPHUbPDcHDd2021-03-25eDepósito Legal l0oBNPHU PD 320.97293 B622mp2021-1235r2021-03-25w2021-03-25yLBS1 00102ddc51728MOaBNPHUbPDcHDd2021-03-25eDepósito Legal l0oBNPHU PD 320.97293 B622mp2021-1236r2021-03-25te.2w2021-03-25yLBS1 00102ddc56708MOaBNPHUbGRcHDd2021-03-25eDepósito Legal l0oBNPHU DS 320.97293 B622mp2021-1237r2021-03-25te.3w2021-03-25yLBS1 c49686d49686